Gustos y disgustos del Lentiscar de Cartagena / (Record no. 39172)

MARC details
000 -LEADER
campo de control de longitud fija 00571nam a2200169 i 4500
001 - NÚMERO DE CONTROL
campo de control 39172
003 - IDENTIFICADOR DE NÚMERO DE CONTROL
campo de control ES-MaACL
005 - FECHA Y HORA DE LA ÚLTIMA TRANSACCIÓN
campo de control 20230906155913.0
007 - CAMPO FIJO DE DESCRIPCIÓN FÍSICA--INFORMACIÓN GENERAL
campo de control de longitud fija t|
008 - DATOS DE LONGITUD FIJA--INFORMACIÓN GENERAL
campo de control de longitud fija 030227s1949 sp ||||1| spa d
100 1# - ENTRADA PRINCIPAL--NOMBRE DE PERSONA
Nombre de persona Campillo de Bayle, Ginés.
9 (RLIN) 34172
245 10 - MENCIÓN DEL TÍTULO
Título Gustos y disgustos del Lentiscar de Cartagena /
Mención de responsabilidad, etc. G. Campillo de Bayle ; [nota preliminar por E. Varela Hervás].
260 ## - PUBLICACIÓN, DISTRIBUCIÓN, ETC.
Lugar de publicación, distribución, etc. Madrid :
Nombre del editor, distribuidor, etc. Almenara,
Fecha de publicación, distribución, etc. 1949 (
Fabricante Gráf. González,
Fecha de fabricación/manufactura 1689)
300 ## - DESCRIPCIÓN FÍSICA
Extensión XVIII, 330 p. ;
Dimensiones 25 cm.
700 1# - ENTRADA AGREGADA--NOMBRE PERSONAL
Nombre de persona Varela Hervás, E.
9 (RLIN) 113158
852 ## - LOCALIZACIÓN
Ubicación ES-MaACL
Número de control de estantería D-6785
Sublocalización o colección R.30769
Holdings
Estatus retirado Estado de pérdida Estado de daño No para préstamo Biblioteca de origen Biblioteca actual Ubicación en estantería Fecha de adquisición Fuente de adquisición Total de préstamos Signatura topográfica completa Código de barras Visto por última vez Precio de reemplazo Tipo de ítem Koha
        Biblioteca del Ateneo de Madrid Biblioteca del Ateneo de Madrid Sala Valle Inclán 17/01/2008     D-6785 901041250 23/02/2023 23/02/2023 Libro impreso